00613 2200181 4500001002100000005001700021008004100038035002400079082001100103090002000114100001800134245010600152260006100258300004400319504002700363650002300390990001800413YOGYA-0313000000023220130311141646.0 ind  0010-031300000000232 a384.55 aSK 384.55 Dod A aDODO SUBIANTO aAudio dan video sebagai sarana dalam penyiaran di TVRJ Stasiun Yogyakartacdisusun oleh Dodo Subianto bYogyakarta: Institut Sains dan Teknologi "AKPRIND"c1998 aIX, 62 (5) lbr.:bilus, lamp. ;c29 cm. aBibliografi: (lbr. 63) aTelevisi-penyiaran a44544-PD/A.12